Statistics for Top 10 Most populous cities and towns in Arkansas

Click here to take the quiz!

General Stats

  • This quiz has been taken 28 times
  • The average score is 6 of 10

Answer Stats

Pop Answer % Correct
193524Little Rock
100%
76299Fayetteville
80%
86209Fort Smith
72%
35301Bentonville
56%
69797Springdale
52%
62304North Little Rock
48%
67263Jonesboro
44%
49083Pine Bluff
44%
58908Conway
40%
55964Rogers
40%

Score Distribution

Percentile by Number Answered

Percent of People with Each Score

Your Score History

You have not taken this quiz